Body Part Songs - Statistics

General Stats
  • This quiz has been taken 34 times
  • The average score is 9 of 15
Answer Stats
Artist Song % Correct
Kenny Loggins {Foot}loose
100%
Shakira {Hips} Don't Lie
93%
Blondie {Heart} Of Glass
90%
Kim Carnes Bette Davis {Eyes}
86%
Queen Fat {Bottom}ed Girls
86%
Sir Mix-A-Lot Baby Got {Back}
83%
ZZ Top Legs
72%
Sutherland Brothers and Quiver {Arms} Of Mary
69%
Cliff Richard Lucky {Lips}
66%
Max Bygraves You Need {Hands}
52%
Glitter Band Angel {Face}
38%
Imagination {Body} Talk
38%
Stranglers {Skin} Deep
31%
Adele Cold {Shoulder}
28%
Michael Jackson {Blood} On The Dance Floor
17%
No matching quizzes found
Score Distribution
Percent of People with Each Score
Percentile by Number Answered
Your Score History
You have not taken this quiz